• 首页
  • 本馆介绍
  • 公告通知
  • 最新文献
  • 馆藏检索
  • 电子资源
  • 读者导购
  • 参考咨询
  • 我的图书馆
  • 登录
  • 详细信息显示
  • 放入我的书架
  • 预约/预借图书
  • 作者相关作品
  • 分类相关作品
  • 丛书相关作品
  • 出版社相关作品

书目信息

  • 表格格式
  • 工作单格式
  • 卡片格式
题名:
信息活动原理
    
 
作者: 宋运郊 , 高洁 著
分册:  
出版信息: 济南   山东教育出版社  1995
页数: 204页
开本: 20cm
丛书名: 信息产业知识丛书
单 册:
中图分类: G201
科图分类: 37.403
主题词: 信息学
电子资源:
ISBN: 7-5328-2126-9
000 00732oam2 2200277 450
001 0196000032
005 20100713012923.0
010    @a7-5328-2126-9@dCNY8.15
011    @a7-5328-2126-9
100    @a19950606d1995 em y0chiy0110 ea
101 0  @achi
102    @aCN@b370000
105    @ay z 000yy
106    @ar
200 1  @a信息活动原理@9Xin Xi Huo Dong Yuan Li @f宋运郊,高 洁著
210    @a济南@c山东教育出版社@d1995
215    @a204页@d20cm
225 2  @a信息产业知识丛书
461  0 @12001 @a信息产业知识丛书
606 0  @a信息学
690    @aG201
692    @a37.403
701  0 @a宋运郊@9song yun jiao@4著
701  0 @a高洁@9gao jie@4著
801  0 @aCN@b91MARC@c20130904
905    @aBZT@dG201@e22@f1@sG201/22
    
    信息活动原理/宋运郊,高 洁著.-济南:山东教育出版社,1995
    204页;20cm.-(信息产业知识丛书)
    
    
    ISBN 7-5328-2126-9:CNY8.15
    
●
相关链接 在五车中查询图书 在当当中查询图书 在豆瓣中查询图书


正题名:信息活动原理     索取号:G201/22         预约/预借

序号 登录号 条形码 馆藏地/架位号 状态 备注
1 2000142488   2000142488   旧书回溯/ [索取号:G201/22] 在馆    
山东省滨州职业学院图书馆 欢迎您!
大连网信软件有限公司© 版权所有